| Tag |
First Indicator |
Second Indicator |
Subfields |
| LEADER |
00000cam a2200000Ia 4500 |
| 001 |
in00002302749 |
| 005 |
20190326203557.0 |
| 006 |
m | d | |
| 007 |
cr |n||||||||n |
| 008 |
910424s1755 it ai sb 001 0 ita d |
| 040 |
|
|
|a NYG
|c GKS
|d OCL
|d Thomson Gale
|d UtOrBLW
|
| 043 |
|
|
|a e-it---
|
| 100 |
1 |
|
|a Borghini, Vincenzo,
|d 1515-1580.
|
| 245 |
1 |
0 |
|a Discorsi di monsignore D. Vincenzio Borghini :
|b con annotazioni.
|
| 264 |
|
1 |
|a Firenze :
|b Appresso P.G. Viviani,
|c 1755.
|
| 300 |
|
|
|a 2 volumes :
|b illustrations, coats of arms ;
|c 26 cm.
|
| 336 |
|
|
|a text
|b txt
|2 rdacontent
|
| 337 |
|
|
|a computer
|b c
|2 rdamedia
|
| 338 |
|
|
|a online resource
|b cr
|2 rdacarrier
|
| 500 |
|
|
|a Errata precede text.
|
| 500 |
|
|
|a First published under title: Discorsi raccolti e dati in luce da'deputati per suo testamento. Firenze : Giunti, 1584-1585.
|
| 500 |
|
|
|a Edited by Domenico Maria Manni.--NUC pre-1956.
|
| 500 |
|
|
|a Reproduction of original from Widener Library, Harvard University.
|
| 500 |
|
|
|a Goldsmiths'-Kress number 09002.1-2.
|
| 504 |
|
|
|a Includes bibliographical references and indexes.
|
| 505 |
0 |
|
|a Pt. 1. Della origine della città di Firenze. Della città di Fiesole. Della Toscana, e sue città. De'municipj e colonie Romane. Delle colonie Latine. Delle colonie militari. De'fasti Romane, e del modo del citare gli anni -- Pt. 2 Dell'arme delle famiglie Fiorentine. Della moneta Fiorentina. Se Firenze fu spianata da Attila, e riedificata da Carlo Magno. Se Firenze ricomperò la libertà da Ridolfo imperadore. Delle chiesa, e vescovi Fiorentini.
|
| 510 |
4 |
|
|a OCLC,
|c 23597401
|
| 533 |
|
|
|a Electronic reproduction.
|b Farmington Hills, Mich. :
|c Thomson Gale,
|d 2005.
|f (The making of the modern world).
|n Available via the World Wide Web.
|n Access limited to licensing agreements.
|7 s2005 miunns
|
| 500 |
|
|
|a Electronic resource.
|
| 651 |
|
0 |
|a Florence (Italy)
|x History.
|
| 651 |
|
0 |
|a Florence (Italy)
|x Nobility.
|
| 650 |
|
0 |
|a Coins, Italian
|z Italy
|z Florence.
|
| 655 |
|
0 |
|a Electronic books.
|
| 700 |
1 |
|
|a Manni, Domenico Maria,
|d 1690-1788.
|
| 830 |
|
0 |
|a Making of the modern world (Goldsmiths'-Kress Library of Economic Literature)
|
| 856 |
4 |
0 |
|u http://proxy.library.tamu.edu/login?url=http://galenet.galegroup.com/servlet/MOME?af=RN&ae=U106205380&srchtp=a&ste=14&locID=txshracd2898
|z Connect to the full text of this electronic book
|t 0
|
| 999 |
|
|
|a MARS
|
| 999 |
f |
f |
|s db84d3d6-93e1-3d1a-982f-d5376a1ac15c
|i 67239102-78ed-32e2-b88c-4ea23e8a3fce
|t 0
|
| 952 |
f |
f |
|a Texas A&M University
|b College Station
|c Electronic Resources
|d Available Online
|t 0
|h No information provided
|
| 998 |
f |
f |
|t 0
|l Available Online
|